Pla d'acció municipal 81 / Diputació de Barcelona. Servei del Pla d'Obres i Serveis de Cooperació
Descripción Física:
[51] p. ; 33 cm
MARC
| LEADER | 00000nam a2200000Ia 4500 | ||
|---|---|---|---|
| 001 | 12967 | ||
| 003 | BGR | ||
| 005 | 20260324175240.0 | ||
| 008 | 160829s1982 xx 000 0 cat d | ||
| 080 | |a FOL-1-194 | ||
| 110 | 1 | |a Barcelona (Catalunya : Província). |b Diputació |b Servei del Pla d'Obres i Serveis de Cooperació |9 52408 | |
| 245 | |a Pla d'acció municipal 81 / Diputació de Barcelona. Servei del Pla d'Obres i Serveis de Cooperació | ||
| 260 | |a [Barcelona : |b el Servei], |c 1982 | ||
| 300 | |a [51] p. ; |c 33 cm | ||
| 650 | |a Municipis |x Barcelona (Província) |x Subvencions |9 23036 | ||
| 901 | |a Arxiu | ||
| 942 | |n 1 |2 udc |c MON | ||
| 952 | |0 0 |1 0 |4 0 |6 FOL1194 |7 1 |9 42512 |a Arxiu |b Arxiu |d 2016-12-01 |l 0 |o FOL-1-194 |p 12967 |r 2016-12-01 00:00:00 |w 2016-12-01 |y ARXIU | ||
| 999 | |c 45017 |d 45017 | ||